| 000 | 00580nam a2200229Ia 4500 | ||
|---|---|---|---|
| 003 | OSt | ||
| 005 | 20221005124807.0 | ||
| 006 | a|||||r|||| 00| 0 | ||
| 007 | ta | ||
| 008 | 221004b |||||||| |||| 00| 0 eng d | ||
| 024 | _a65729 | ||
| 037 | _cTextual | ||
| 040 |
_aCRL _cCRL _beng |
||
| 041 |
_2eng _aeng |
||
| 082 | _aV5:1.N5, J8;K8.12 | ||
| 245 | 0 | _aNew Cambridge modern history | |
| 260 | _c1958 | ||
| 500 | _aPublished previously as : Era of violence. | ||
| 650 | _aHISTORY | ||
| 942 |
_hV5:1.N5, J8;K8.12 _cTEXL _2cc |
||
| 999 |
_c1051621 _d1051621 |
||